[Event "Bouches du Rhone-ch 0203"]
[Site "Provence"]
[Date "2003.02.08"]
[Round "6"]
[White "Derien, Robert"]
[Black "Beraud, Robert"]
[Result "1-0"]
[WhiteElo "1710"]
[BlackElo "1840"]
[PlyCount "103"]
[EventDate "2002.10.??"]
[EventType "swiss"]
[EventRounds "9"]
[EventCountry "FRA"]
[SourceTitle "EXT 2005"]
[Source "ChessBase"]
[SourceDate "2004.11.15"]
[SourceVersion "1"]
[SourceVersionDate "2004.11.15"]
[SourceQuality "1"]

1. e4 e5 2. f4 d5 3. exd5 e4 4. d3 Nf6 5. dxe4 Nxe4 6. Nf3 Bc5 7. Qe2 0-0 8. Qxe4 Re8 9. Ne5 f6 10. Bd3 g6 11. Be3 fxe5 12. fxe5 Bxe3 13. Qxe3 Qxd5 14. Nc3 Qxe5 15. Qxe5 Rxe5+ 16. Kd2 Bf5 17. Rae1 Rxe1 18. Rxe1 Nc6 19. Bxf5 gxf5 20. Nd5 Rd8 21. c4 Nb4 22. Kc3 Nxd5+ 23. cxd5 Rxd5 24. Re7 Rc5+ 25. Kd3 Rc1 26. Re5 Rg1 27. Re2 Kf7 28. Ke3 c5 29. Kf2 Rc1 30. Rd2 Ke6 31. Kf3 Rb1 32. Kf4 Re1 33. Kg5 Re4 34. h3 Ra4 35. a3 Re4 36. Rd8 b5 37. Ra8 Ra4 38. Rf8 f4 39. Rf6+ Ke7 40. Rxf4 Rxf4 41. Kxf4 c4 42. Ke4 Kd6 43. Kd4 h5 44. g4 hxg4 45. hxg4 a6 46. g5 a5 47. g6 Ke6 48. Kc5 b4 49. Kxc4 bxa3 50. bxa3 Kf6 51. Kb5 Kxg6 52. Kxa5 1-0

[Event "Provence-ch prom Meyreuil 9798"]
[Site "France"]
[Date "1997.??.??"]
[Round "2"]
[White "Fortuit, Emilie"]
[Black "Beraud, Robert"]
[Result "1-0"]
[WhiteElo "1710"]
[BlackElo "1690"]
[PlyCount "131"]
[EventDate "1997.??.??"]
[EventType "tourn"]
[EventRounds "9"]
[EventCountry "FRA"]
[SourceTitle "EXT 2005"]
[Source "ChessBase"]
[SourceDate "2004.11.15"]
[SourceVersion "1"]
[SourceVersionDate "2004.11.15"]
[SourceQuality "1"]

1. e4 e5 2. Nf3 Nc6 3. Bc4 Nf6 4. d3 Be7 5. Nc3 d6 6. h3 0-0 7. 0-0 Na5 8. Bb3 Nxb3 9. axb3 c5 10. Bd2 Re8 11. Ra2 Bf8 12. Re1 g6 13. Bg5 h6 14. Bxf6 Qxf6 15. Nb5 Qd8 16. Qd2 a6 17. c4 Bg7 18. Rea1 f5 19. Nc3 Be6 20. Ne1 f4 21. Nc2 Rf8 22. f3 g5 23. Kf2 h5 24. Rh1 g4 25. hxg4 hxg4 26. Qd1 Bf6 27. Ke2 Bh4 28. b4 Qg5 29. Qg1 Kf7 30. bxc5 Rg8 31. Qf1 Rg7 32. Kd2 Rag8 33. Ne2 dxc5 34. b4 Qd8 35. Kc3 Be7 36. Rb2 a5 37. bxc5 Qc7 38. Qb1 Bc8 39. Rh6 Bxc5 40. Qh1 Qe7 41. Qh5+ Kf8 42. Rb5 b6 43. Rb1 Bd7 44. Kd2 Qg5 45. Qxg5 Rxg5 46. d4 gxf3 47. gxf3 exd4 48. Ncxd4 Kf7 49. Kd3 R8g6 50. Rh4 Rd6 51. Rxf4+ Kg7 52. Kc3 Rg2 53. e5 Rh6 54. Re4 Be6 55. Nxe6+ Rxe6 56. Nf4 Bb4+ 57. Kb3 Reg6 58. Nxg6 Rxg6 59. Rd1 Kf7 60. Rd7+ Ke6 61. Rc7 Rg3 62. Rc6+ Ke7 63. Rf4 Bc5 64. e6 Bd6 65. Rd4 Rxf3+ 66. Kc2 1-0

[Event "Provence-ch prom Meyreuil 9798"]
[Site "France"]
[Date "1997.??.??"]
[Round "1"]
[White "Gozzo, Jean Claude"]
[Black "Beraud, Robert"]
[Result "1/2-1/2"]
[WhiteElo "1670"]
[BlackElo "1690"]
[PlyCount "136"]
[EventDate "1997.??.??"]
[EventType "tourn"]
[EventRounds "9"]
[EventCountry "FRA"]
[SourceTitle "EXT 2005"]
[Source "ChessBase"]
[SourceDate "2004.11.15"]
[SourceVersion "1"]
[SourceVersionDate "2004.11.15"]
[SourceQuality "1"]

1. d4 Nf6 2. c4 g6 3. Nc3 Bg7 4. e4 d6 5. f3 0-0 6. Be3 c5 7. dxc5 dxc5 8. e5 Nfd7 9. f4 Nc6 10. Nf3 f6 11. exf6 Nxf6 12. Qxd8 Rxd8 13. Bxc5 b6 14. Ba3 Ng4 15. Rc1 e5 16. fxe5 Ngxe5 17. Nxe5 Nxe5 18. Be2 Bb7 19. 0-0 Nd3 20. Rcd1 Bd4+ 21. Kh1 Nf2+ 22. Rxf2 Bxf2 23. Rf1 Bc5 24. b4 Bd4 25. Nb5 Be5 26. c5 a6 27. Nd6 Bxd6 28. Bc4+ Kg7 29. Rf7+ Kh6 30. Bc1+ g5 31. Rf6+ Kg7 32. Rf7+ Kg6 33. Rxb7 Be5 34. Bb3 Rab8 35. Bc2+ Kf6 36. Rxh7 Rh8 37. Rxh8 Rxh8 38. g3 bxc5 39. bxc5 Bxg3 40. Bb2+ Be5 41. Bxe5+ Kxe5 42. c6 Rh4 43. Bb3 Kd6 44. c7 Kxc7 45. Kg2 Rf4 46. Kg3 Kd6 47. Bg8 Kc5 48. h3 Kb4 49. Be6 a5 50. Bd5 a4 51. Be6 Ka3 52. Bd5 Kb2 53. Be6 a3 54. Bd5 Ka1 55. Bb3 Kb1 56. Bd5 Rd4 57. Be6 Rd2 58. Kg4 Rxa2 59. Kxg5 Rg2+ 60. Kf4 a2 61. Bxa2+ Kxa2 62. h4 Kb3 63. h5 Kc4 64. Kf5 Kd5 65. h6 Rf2+ 66. Kg6 Ke6 67. Kg7 Rg2+ 68. Kh8 Kf6 1/2-1/2